| 000 | 00455nam a2200169 i 4500 | ||
|---|---|---|---|
| 001 | 49416 | ||
| 003 | ES-MaACL | ||
| 005 | 20230906161942.0 | ||
| 007 | t| | ||
| 008 | 030715s1945 xxu ||||1| eng d | ||
| 100 | 1 |
_aCorwin, Norman. _940969 |
|
| 245 | 1 | 0 |
_aOn a note of triumph / _cby Norman Corwin. |
| 250 | _a[2nd printing]. | ||
| 260 |
_aNew York : _bSimon and Schuster, _c1945. |
||
| 300 |
_a71 p. ; _c22 cm. |
||
| 852 |
_aES-MaACL _jF-14691 _bR.53691 |
||
| 999 |
_c49416 _d49416 |
||